Catálogo

Vista normal Vista MARC

Entrada Personal Name

Número de registros utilizados en: 1

001 - CONTROL NUMBER

  • control field: 13430

003 - CONTROL NUMBER IDENTIFIER

  • control field: DLC

005 - DATE AND TIME OF LATEST TRANSACTION

  • control field: 20221018090104.0

008 - FIXED-LENGTH DATA ELEMENTS

  • fixed length control field: 030917n| azannaabn |a aaa c

010 ## - LIBRARY OF CONGRESS CONTROL NUMBER

  • LC control number: no2003093491

035 ## - SYSTEM CONTROL NUMBER

  • System control number: (OCoLC)oca06155289

040 ## - CATALOGING SOURCE

  • Original cataloging agency: WaLyOCLC
  • Language of cataloging: spa
  • Description conventions: rda
  • Transcribing agency: Mx-PuUPA
  • Modifying agency: MnMN
  • Modifying agency: NNC
  • Modifying agency: DLC
  • Modifying agency: Mx-PuUPA

046 ## - SPECIAL CODED DATES

  • Birth date: 1977
  • Source of date scheme: edtf

053 #0 - LC CLASSIFICATION NUMBER

  • Classification number element--single number or beginning number of span: PQ6657.A469

100 1# - HEADING--PERSONAL NAME

  • Personal name: Gallego García, Laura,
  • Dates associated with a name: 1977-

370 ## - ASSOCIATED PLACE

  • Place of birth: Cuarto de Poblet, España

372 ## - FIELD OF ACTIVITY

  • Field of activity: Literatura
  • Source of term: lcsh

374 ## - OCCUPATION

  • Occupation: Autor
  • Source of term: lcsh

375 ## - GENDER

  • Gender: mujer

377 ## - ASSOCIATED LANGUAGE

  • Language code: spa

400 1# - SEE FROM TRACING--PERSONAL NAME

  • Personal name: García, Laura Gallego,
  • Dates associated with a name: 1977-

400 1# - SEE FROM TRACING--PERSONAL NAME

  • Personal name: Gallego, Laura,
  • Dates associated with a name: 1977-

670 ## - SOURCE DATA FOUND

  • Source citation: El valle de los lobos, 2003:
  • Information found: t.p. (Laura Gallego García) p. 4 of cover (b. in Cuart de Poblet in 1977)

670 ## - SOURCE DATA FOUND

  • Source citation: El libro de los portales, 2013:
  • Information found: title page (Laura Gallego) inside front flap (author)

670 ## - SOURCE DATA FOUND

  • Source citation: Omnia, 2016:
  • Information found: t.p. (Laura Gallego) front endpaper (children's and YA lit author; PhD in Spanish Philology from the University of Valencia)